000 00311nam a22001457a 4500
008 210322b ||||| |||| 00| 0 eng d
020 _a9781609136062
041 _aeng
080 _25th
_a611
082 _a611
100 _a6
101 _aANA
245 _aGrants Dissector
_cTank, P. W
942 _2udc
_cBK
999 _c56624
_d56624